000 01016nam2a2200277 4500
001 RU\NLR\bibl\798028
005 20250614124752.0
010 _a5-699-08952-7
_95000
021 _aRU
_b2005-5652
_9286
035 _a(NLR Aleph) 000787223
090 _a1099174
_c1099174
100 _a20050513d2004 |||y0rusy50 ca
101 0 _arus
102 _aRU
105 _aa |||||||||
200 1 _aЗемноводные
_eА-Я (амбистомовые-чесночница)
210 _d2004
_aБ. м.
215 _a141,[2] с.
_cил.
461 0 _1001RU\NLR\bibl\604731
_12001#$aЖизнь животных$v[Т. 7]
_91746985
_aБрем, А. Э. (1829-1884)
_cМ.
_d2004
_fАльфред Брем
_nЭксмо
_tЖизнь животных
_v[Т. 7]
606 1 _aЗемноводные
_jПопулярные издания
_xЭкология
_92382221
_3RU\NLR\auth\661421235
686 _aЕ681.922я9
801 0 _aRU
_bNLR
_c20050513
_gPSBO
801 1 _aRU
_bNLR
_c20050513
942 _cBOOK
980 _aNB